The tea industry in India: A survey (Record no. 44204)

MARC details
000 -LEADER
fixed length control field 00453nam a2200157Ia 4500
082 ## - DEWEY DECIMAL CLASSIFICATION NUMBER
Classification number 338.45:633.72(540)
Item number KAR
100 ## - MAIN ENTRY--AUTHOR NAME
Personal name Karmakar, K G
245 #4 - TITLE STATEMENT
Title The tea industry in India: A survey
260 ## - PUBLICATION, DISTRIBUTION, ETC. (IMPRINT)
Place of publication Mumbai
Name of publisher National Bank for Agriculture & Rural Development
Year of publication 2005
490 ## - SERIES STATEMENT
Series statement Occasional paper.39
650 ## - SUBJECT ADDED ENTRY--TOPICAL TERM
Topical Term Tea industry
650 ## - SUBJECT ADDED ENTRY--TOPICAL TERM
Topical Term Tea marketing
650 ## - SUBJECT ADDED ENTRY--TOPICAL TERM
Topical Term Tea research
942 ## - ADDED ENTRY ELEMENTS (KOHA)
Koha item type Books
Holdings
Withdrawn status Lost status Damaged status Not for loan Home library Current library Date acquired Source of acquisition Full call number Accession Number Koha item type
        RRII Library RRII Library 16/12/2021 Gift 338.45:633.72(540) KAR G00952 Books